| 000 | 00497nam a2200181Ia 4500 | ||
|---|---|---|---|
| 005 | 20250326123943.0 | ||
| 008 | 250326s9999 xx 000 0 und d | ||
| 037 | _aTextbook | ||
| 040 |
_aFMSL _beng _cFMSL |
||
| 041 |
_aeng _2eng |
||
| 084 |
_aU42.1 L7 _qFMSL |
||
| 100 |
_aAdler S _9736484 |
||
| 245 | 0 |
_aInternational migration and dependence _cAdler S |
|
| 260 |
_aEngland _bEngland, Saxon House _c1977 |
||
| 300 | _a235p | ||
| 942 |
_cTB _hU42.1 L7 |
||
| 999 |
_c1271631 _d1271631 |
||